| 000 | 00771nab a2200241 4500 | ||
|---|---|---|---|
| 003 | BR-BrBNA | ||
| 005 | 20250703104555.0 | ||
| 008 | 250703b bl.||||| |||| 00| 0 por d | ||
| 040 |
_aBR-BrBNA _bpor |
||
| 072 | _aF30 | ||
| 100 | _aTaguchi, Viviane | ||
| 245 |
_aAs sementes superpoderosas _bAgronegócios |
||
| 500 | _a1 illus. | ||
| 650 | _aTRANSGENIA | ||
| 650 | _aSEMENTE MELHORADA | ||
| 650 | _aVARIEDADE RESISTENTE | ||
| 650 | _aHIBRIDAÇÃO | ||
| 650 | _aPRECOCIDADE VEGETAL | ||
| 650 | _aPERFORMANCE | ||
| 773 | 0 |
_01706 _9347891 _dSão Paulo-SP Editora Três Ltda - E-mail: luizfsa@revistadinheiro.com.br 2004 _o2025-0390 _tDinheiro Rural (Brazil) _x1807-3700 _gv. 6(66) p. 48-49; (Apr 2010) _wBR2025003708 |
|
| 942 | _cANA | ||
| 999 |
_c332384 _d332384 |
||